[Event "GRE CupT final 37th"]
[Site "Patras"]
[Date "2019.06.30"]
[Round "1.1"]
[White "Hadzimanolis, Antonios"]
[Black "Khetsuriani, Besarion"]
[Result "1/2-1/2"]
[WhiteElo "2245"]
[BlackElo "2236"]
[PlyCount "87"]
[EventDate "2019.06.30"]
[EventType "team-k.o."]
[EventRounds "3"]
[EventCountry "GRE"]
[SourceTitle "CBM 191 Extra"]
[Source "ChessBase"]
[SourceDate "2019.09.30"]
[SourceVersion "1"]
[SourceVersionDate "2019.09.30"]
[SourceQuality "1"]
[WhiteTeam "Triandrias"]
[BlackTeam "Asia Aegiou"]
[WhiteTeamCountry "GRE"]
[BlackTeamCountry "GRE"]

1. Nf3 Nf6 2. g3 b6 3. Bg2 Bb7 4. 0-0 e6 5. b3 Be7 6. Bb2 0-0 7. d3 d5 8. Nbd2 Nbd7 9. Re1 a5 10. a3 Re8 11. e4 dxe4 12. dxe4 Nc5 13. e5 Nfe4 14. Nxe4 Nxe4 15. Nd4 Nc5 16. Nc6 Qc8 17. Bd4 Bf8 18. b4 Na6 19. bxa5 Nb8 20. Nxb8 Bxg2 21. Kxg2 Qxb8 22. axb6 cxb6 23. Re3 Rd8 24. Rd3 h6 25. Qf3 Ra4 26. Rad1 b5 27. Bb2 Rxd3 28. Rxd3 Qc7 29. Rb3 Ra5 30. Qe4 Ra4 31. Qf3 Ra5 32. Qe2 Qc6+ 33. Kg1 g6 34. Rc3 Qb7 35. Qf3 Qb8 36. Rd3 Qc7 37. Qd1 Ra8 38. Rd7 Qc6 39. Bc1 Qe4 40. Bb2 Bxa3 41. Rd4 Qc6 42. Rd8+ Bf8 43. Rxa8 Qxa8 44. Qd7 1/2-1/2

[Event "Chania Krommydakis 4th"]
[Site "Chania"]
[Date "2018.08.10"]
[Round "2"]
[White "Khetsuriani, Besarion"]
[Black "Kazakos, Emmanouil"]
[Result "1/2-1/2"]
[WhiteElo "2244"]
[BlackElo "2107"]
[PlyCount "96"]
[EventDate "2018.08.09"]
[EventType "tourn"]
[EventRounds "9"]
[EventCountry "GRE"]
[SourceTitle "CBM 186 Extra"]
[Source "ChessBase"]
[SourceDate "2018.08.24"]
[SourceVersion "1"]
[SourceVersionDate "2018.08.24"]
[SourceQuality "1"]

1. Nf3 Nf6 2. c4 g6 3. g3 Bg7 4. Bg2 0-0 5. 0-0 d6 6. Nc3 a6 7. Qc2 Nc6 8. Rb1 Bd7 9. b4 e5 10. d3 Re8 11. Bg5 h6 12. Bxf6 Bxf6 13. e3 Bg7 14. Nd2 Rb8 15. b5 Ne7 16. bxa6 bxa6 17. Rxb8 Qxb8 18. Rb1 Qd8 19. Qb3 Bc8 20. Nd5 Nxd5 21. Bxd5 Qd7 22. Qb8 c6 23. Bg2 d5 24. cxd5 cxd5 25. Qa8 e4 26. d4 Bf8 27. Bf1 Qa4 28. Rb8 Qc2 29. Bxa6 Qxd2 30. Rxc8 Rxc8 31. Qxc8 Qxa2 32. h4 Qb3 33. Be2 h5 34. g4 Qa2 35. Bf1 hxg4 36. Qxg4 Qa4 37. h5 Qc6 38. Bh3 Kg7 39. Bg2 Qf6 40. Qe2 Bd6 41. Qa2 Qf5 42. hxg6 Kxg6 43. Qa6 Qe6 44. Kf1 Kg7 45. Qe2 Qf5 46. Kg1 Kg6 47. Qc2 Kg7 48. Qc6 Be7 1/2-1/2

[Event "Chania Krommydakis 4th"]
[Site "Chania"]
[Date "2018.08.10"]
[Round "3"]
[White "Kokkalis, Vasilios"]
[Black "Khetsuriani, Besarion"]
[Result "1/2-1/2"]
[WhiteElo "2140"]
[BlackElo "2244"]
[PlyCount "100"]
[EventDate "2018.08.09"]
[EventType "tourn"]
[EventRounds "9"]
[EventCountry "GRE"]
[SourceTitle "CBM 186 Extra"]
[Source "ChessBase"]
[SourceDate "2018.08.24"]
[SourceVersion "1"]
[SourceVersionDate "2018.08.24"]
[SourceQuality "1"]

1. d4 e6 2. c4 c5 3. d5 Nf6 4. Nc3 exd5 5. cxd5 d6 6. e4 g6 7. h3 Bg7 8. Nf3 0-0 9. Bd3 b6 10. 0-0 Ba6 11. Bf4 Re8 12. Re1 Bxd3 13. Qxd3 a6 14. a4 Bf8 15. Nd2 Nbd7 16. Nc4 Qc7 17. g4 Ne5 18. Nxe5 dxe5 19. Bg5 Kg7 20. Rad1 Bd6 21. Kg2 h6 22. Bc1 c4 23. Qf3 Ng8 24. h4 Qd7 25. h5 g5 26. Ne2 Ne7 27. Ng3 f6 28. Be3 b5 29. axb5 axb5 30. Ra1 Reb8 31. Rec1 Rc8 32. Qd1 Kf7 33. f3 Qb7 34. Rxa8 Rxa8 35. Ra1 Ra6 36. Qg1 Rxa1 37. Qxa1 b4 38. Nf1 Qb5 39. Kf2 Nc8 40. Ng3 c3 41. Nf5 Bf8 42. bxc3 b3 43. Ke1 Qd3 44. Qb2 Nd6 45. Nxd6+ Bxd6 46. Kf2 Qb5 47. Ke1 Qd3 48. Kf2 Qb5 49. Ke1 Qd3 50. Qb1 Qb5 1/2-1/2

[Event "Aegean op 41st"]
[Site "Aghios Kirykos"]
[Date "2018.07.22"]
[Round "9"]
[White "Khetsuriani, Besarion"]
[Black "Velicka, Petr"]
[Result "1/2-1/2"]
[WhiteElo "2236"]
[BlackElo "2425"]
[PlyCount "25"]
[EventDate "2018.07.16"]
[EventType "swiss"]
[EventRounds "9"]
[EventCountry "GRE"]
[SourceTitle "CBM 186 Extra"]
[Source "ChessBase"]
[SourceDate "2018.08.24"]
[SourceVersion "1"]
[SourceVersionDate "2018.08.24"]
[SourceQuality "1"]

1. d4 d5 2. Bf4 Nf6 3. e3 c5 4. Nc3 e6 5. h3 Bd6 6. Nf3 Nc6 7. Ne5 a6 8. Qd2 Qc7 9. Nxc6 Qxc6 10. Bxd6 Qxd6 11. dxc5 Qxc5 12. Qd4 Bd7 13. Nb1 1/2-1/2

[Event "Aegean op 41st"]
[Site "Aghios Kirykos"]
[Date "2018.07.20"]
[Round "7"]
[White "Gazis, Efstathios"]
[Black "Khetsuriani, Besarion"]
[Result "1-0"]
[WhiteElo "2195"]
[BlackElo "2236"]
[PlyCount "131"]
[EventDate "2018.07.16"]
[EventType "swiss"]
[EventRounds "9"]
[EventCountry "GRE"]
[SourceTitle "CBM 186 Extra"]
[Source "ChessBase"]
[SourceDate "2018.08.24"]
[SourceVersion "1"]
[SourceVersionDate "2018.08.24"]
[SourceQuality "1"]

1. e4 d6 2. d4 g6 3. Nc3 Bg7 4. Nf3 Nf6 5. Be2 0-0 6. 0-0 Bg4 7. Be3 Nc6 8. d5 Bxf3 9. Bxf3 Ne5 10. Be2 c6 11. f4 Ned7 12. dxc6 bxc6 13. Kh1 Qc7 14. Qd3 Rab8 15. Rab1 Rfd8 16. Bg1 Nb6 17. Qh3 Qd7 18. f5 Qc7 19. Qf3 Rf8 20. b3 Nbd7 21. Rbe1 Qa5 22. Bd1 Ne5 23. Qh3 a6 24. Re3 Qd8 25. Rfe1 Qd7 26. g4 h6 27. Qg2 e6 28. h4 exf5 29. exf5 gxf5 30. gxf5 Kh7 31. Bh2 Rg8 32. Qh3 Nd5 33. Nxd5 cxd5 34. Rg3 Bf6 35. Reg1 Rxg3 36. Bxg3 Rg8 37. Kh2 Qc8 38. Bf2 Rxg1 39. Kxg1 Qd8 40. Kf1 Qa5 41. a4 Qd2 42. Be2 Qc1+ 43. Be1 Qxc2 44. Bxa6 d4 45. Bb5 d3 46. Qg2 Qd1 47. Qd2 Qxb3 48. Bg3 Qd5 49. Bxe5 dxe5 50. Qxd3 Qh1+ 51. Ke2 e4 52. Qc4 Qf3+ 53. Kd2 Qf2+ 54. Kd1 Qf3+ 55. Kc2 Qf2+ 56. Kd1 Qf3+ 57. Kc2 Kg7 58. Be8 Qf2+ 59. Kd1 Qg1+ 60. Kc2 Qh2+ 61. Kd1 Qd6+ 62. Ke2 Qe7 63. Bc6 e3 64. a5 Qe5 65. Qg4+ Kf8 66. Qe4 1-0

[Event "Athens Georgiou CC"]
[Site "Athens"]
[Date "2017.09.09"]
[Round "6"]
[White "Moutousis, Konstantinos"]
[Black "Khetsuriani, Besarion"]
[Result "1-0"]
[WhiteElo "2394"]
[BlackElo "2260"]
[PlyCount "125"]
[EventDate "2017.09.04"]
[EventType "tourn"]
[EventRounds "9"]
[EventCountry "GRE"]
[EventCategory "6"]
[SourceTitle "CBM 180 Extra"]
[Source "ChessBase"]
[SourceDate "2017.10.06"]
[SourceVersion "1"]
[SourceVersionDate "2017.10.06"]
[SourceQuality "1"]

1. d4 Nf6 2. c4 e6 3. Nc3 Bb4 4. e3 c5 5. Nge2 d5 6. a3 Bxc3+ 7. Nxc3 cxd4 8. exd4 dxc4 9. Bxc4 Nc6 10. Be3 0-0 11. 0-0 b6 12. Qd3 Bb7 13. Rad1 h6 14. Ba2 Ne7 15. Bc1 Ned5 16. Rfe1 Re8 17. Bb1 Rc8 18. Re5 Qc7 19. Bd2 Qc4 20. Qg3 Kh8 21. Qh4 Ng8 22. Ba2 Qc7 23. Rde1 Qd7 24. Qh3 Red8 25. Bb1 Ndf6 26. Be3 Qc6 27. Rg5 Qe8 28. Rg3 b5 29. Qh4 a5 30. d5 Bxd5 31. Bb6 Rc4 32. Qh3 Rb8 33. Bxa5 Bc6 34. Bb4 Rd4 35. Bc5 Rd2 36. Be3 Rxb2 37. Bc1 Rxb1 38. Nxb1 b4 39. axb4 Rxb4 40. Nc3 Rc4 41. Rd3 Qa8 42. Red1 Qa5 43. Bd2 Qa8 44. Be1 Qb7 45. f3 Kh7 46. Qg3 Rb4 47. Qd6 Ne7 48. Ne4 Rxe4 49. fxe4 Bxe4 50. R3d2 Nf5 51. Qa3 Nd5 52. Rb2 Qc6 53. Rf2 Nde3 54. Rc1 Qb6 55. Rb2 Qd6 56. Qa2 Qd3 57. Re2 Nd4 58. Rf2 Bxg2 59. Qb1 Ndc2 60. Rcxc2 Qg6 61. Rxg2 Nxg2 62. Rc1 f5 63. Bg3 1-0

[Event "GRE-chT 40th"]
[Site "Achaia"]
[Date "2012.07.04"]
[Round "6.12"]
[White "Khetsuriani, Besarion"]
[Black "Dochev, Dimitar"]
[Result "1/2-1/2"]
[WhiteElo "2336"]
[BlackElo "2404"]
[PlyCount "60"]
[EventDate "2012.06.30"]
[EventType "team-swiss"]
[EventRounds "7"]
[EventCountry "GRE"]
[SourceTitle "CBM 149 Extra"]
[Source "ChessBase"]
[SourceDate "2012.08.24"]
[SourceVersion "1"]
[SourceVersionDate "2012.08.24"]
[SourceQuality "1"]
[WhiteTeam "Koropiou"]
[BlackTeam "OFI"]
[WhiteTeamCountry "GRE"]
[BlackTeamCountry "GRE"]

1. e4 e6 2. d4 d5 3. exd5 exd5 4. Nf3 Nf6 5. Bd3 Bg4 6. 0-0 Be7 7. Re1 0-0 8. Bg5 Nbd7 9. Nbd2 Re8 10. c3 c6 11. Qc2 h6 12. Bh4 Bd6 13. Rxe8+ Qxe8 14. Re1 Qb8 15. Bf5 Bxf5 16. Qxf5 Qc7 17. Bg3 Bxg3 18. hxg3 Re8 19. Rxe8+ Nxe8 20. Nf1 Nd6 21. Qc2 Qd8 22. Ne3 Qe7 23. Nf5 Nxf5 24. Qxf5 Qd6 25. Qd3 Qe7 26. Kf1 g6 27. Kg1 Kg7 28. Kf1 Qe6 29. Kg1 Qe7 30. Kf1 Qe6 1/2-1/2

[Event "GRE-chT 40th"]
[Site "Achaia"]
[Date "2012.07.01"]
[Round "3.15"]
[White "Khetsuriani, Besarion"]
[Black "Babalikis, Alexandros"]
[Result "1-0"]
[WhiteElo "2336"]
[BlackElo "1585"]
[PlyCount "65"]
[EventDate "2012.06.30"]
[EventType "team-swiss"]
[EventRounds "7"]
[EventCountry "GRE"]
[SourceTitle "CBM 149 Extra"]
[Source "ChessBase"]
[SourceDate "2012.08.24"]
[SourceVersion "1"]
[SourceVersionDate "2012.08.24"]
[SourceQuality "1"]
[WhiteTeam "Koropiou"]
[BlackTeam "Ptolemaida Ptolemaios"]
[WhiteTeamCountry "GRE"]
[BlackTeamCountry "GRE"]

1. Nf3 Nf6 2. c4 e6 3. d4 Bb4+ 4. Nc3 0-0 5. e3 d6 6. Bd3 Nc6 7. 0-0 e5 8. Ne4 Ba5 9. a3 Bb6 10. dxe5 Nxe5 11. Nxe5 dxe5 12. Nxf6+ Qxf6 13. Qc2 c6 14. Bxh7+ Kh8 15. Be4 Qe7 16. g3 f5 17. Bg2 g5 18. b4 f4 19. Qe2 Qf6 20. exf4 gxf4 21. Bb2 Bd4 22. Bxd4 exd4 23. Be4 f3 24. Qd2 Bh3 25. Rfe1 Rad8 26. a4 Kg7 27. Ra3 Bg2 28. Bd3 Rde8 29. Raa1 Re5 30. Rxe5 Qxe5 31. Re1 Qh5 32. Re7+ Kf6 33. Rh7 1-0

[Event "GRE-chT 40th"]
[Site "Achaia"]
[Date "2012.06.30"]
[Round "1.5"]
[White "Khetsuriani, Besarion"]
[Black "Kryvoruchko, Yuriy"]
[Result "0-1"]
[WhiteElo "2336"]
[BlackElo "2676"]
[PlyCount "72"]
[EventDate "2012.06.30"]
[EventType "team-swiss"]
[EventRounds "7"]
[EventCountry "GRE"]
[SourceTitle "CBM 149 Extra"]
[Source "ChessBase"]
[SourceDate "2012.08.24"]
[SourceVersion "1"]
[SourceVersionDate "2012.08.24"]
[SourceQuality "1"]
[WhiteTeam "Koropiou"]
[BlackTeam "Chania ADA"]
[WhiteTeamCountry "GRE"]
[BlackTeamCountry "GRE"]

1. Nf3 Nf6 2. c4 e6 3. d4 c5 4. Nc3 cxd4 5. Nxd4 Nc6 6. e3 Bb4 7. Be2 Ne4 8. Bd2 Nxd2 9. Qxd2 0-0 10. 0-0 a6 11. Rfd1 Qc7 12. Rac1 Be7 13. f4 Nxd4 14. exd4 b6 15. Bf3 Bb7 16. Bxb7 Qxb7 17. d5 Rfc8 18. Ne4 Bf8 19. Qd3 h6 20. Qf3 f5 21. Nf2 b5 22. b3 bxc4 23. bxc4 Rab8 24. Nd3 exd5 25. Qxd5+ Qxd5 26. cxd5 Bd6 27. Ne5 Rxc1 28. Rxc1 Rb5 29. Rd1 Rb2 30. g3 Rxa2 31. Nxd7 a5 32. Rc1 a4 33. Rc8+ Kf7 34. Ne5+ Ke7 35. Rg8 a3 36. Rxg7+ Kf8 0-1

[Event "Paleochora op 4th"]
[Site "Paleochora"]
[Date "2011.07.27"]
[Round "9"]
[White "Khetsuriani, Besarion"]
[Black "Zinchenko, Yaroslav"]
[Result "0-1"]
[WhiteElo "2325"]
[BlackElo "2543"]
[PlyCount "36"]
[EventDate "2011.07.20"]
[EventType "swiss"]
[EventRounds "9"]
[EventCountry "GRE"]
[SourceTitle "CBM 143 Extra"]
[Source "ChessBase"]
[SourceDate "2011.08.29"]
[SourceVersion "1"]
[SourceVersionDate "2011.08.29"]
[SourceQuality "1"]

1. Nf3 d5 2. c4 e6 3. d4 c6 4. Qc2 dxc4 5. Qxc4 Nf6 6. g3 b5 7. Qc2 Bb7 8. Bg2 Nbd7 9. 0-0 Rc8 10. a4 c5 11. dxc5 Nxc5 12. Rd1 Qb6 13. a5 Qa6 14. Ne1 Nce4 15. Qd3 Be7 16. Nd2 Rd8 17. Qb3 Bd5 18. Qc2 Nxf2 0-1

[Event "Paleochora op 4th"]
[Site "Paleochora"]
[Date "2011.07.26"]
[Round "8"]
[White "Rychagov, Andrey"]
[Black "Khetsuriani, Besarion"]
[Result "1/2-1/2"]
[WhiteElo "2560"]
[BlackElo "2325"]
[PlyCount "36"]
[EventDate "2011.07.20"]
[EventType "swiss"]
[EventRounds "9"]
[EventCountry "GRE"]
[SourceTitle "CBM 143 Extra"]
[Source "ChessBase"]
[SourceDate "2011.08.29"]
[SourceVersion "1"]
[SourceVersionDate "2011.08.29"]
[SourceQuality "1"]

1. d4 Nf6 2. c4 e6 3. Nc3 Bb4 4. f3 d5 5. a3 Bxc3+ 6. bxc3 c5 7. cxd5 Nxd5 8. dxc5 f5 9. Nh3 0-0 10. c4 Nf6 11. Qxd8 Rxd8 12. Nf2 Nc6 13. Rb1 e5 14. g3 Nd4 15. Bg2 Be6 16. Nd3 e4 17. Ne5 Rac8 18. c6 b6 1/2-1/2

[Event "Paleochora op 4th"]
[Site "Paleochora"]
[Date "2011.07.24"]
[Round "6"]
[White "Hristodoulou, Panagiotis"]
[Black "Khetsuriani, Besarion"]
[Result "0-1"]
[WhiteElo "2174"]
[BlackElo "2325"]
[PlyCount "104"]
[EventDate "2011.07.20"]
[EventType "swiss"]
[EventRounds "9"]
[EventCountry "GRE"]
[SourceTitle "CBM 143 Extra"]
[Source "ChessBase"]
[SourceDate "2011.08.29"]
[SourceVersion "1"]
[SourceVersionDate "2011.08.29"]
[SourceQuality "1"]

1. e4 d6 2. d4 g6 3. Nc3 Bg7 4. Be3 a6 5. Qd2 b5 6. Bd3 Bb7 7. f3 Nd7 8. a4 c6 9. Nge2 Ngf6 10. 0-0 0-0 11. Kh1 e5 12. axb5 cxb5 13. d5 Qc7 14. g4 Nb6 15. b3 Nfd7 16. Ng3 Nc5 17. Nce2 Nbd7 18. Rfc1 Rfc8 19. b4 Nxd3 20. cxd3 Qd8 21. Nc3 Qe7 22. Ra2 Qd8 23. Raa1 Rc7 24. Ra2 Rac8 25. Rac2 Kh8 26. Qf2 Bf6 27. Qd2 Bg7 28. Qf2 Kg8 29. Qd2 Ra8 30. Kg2 Rcc8 31. Ra2 Bf8 32. h4 a5 33. Nxb5 Rxc1 34. Qxc1 axb4 35. Na7 Nc5 36. Bxc5 dxc5 37. Qb1 Qb6 38. Nc6 Bxc6 39. dxc6 Rxa2+ 40. Qxa2 Qxc6 41. Nf1 Qf6 42. Ne3 Qxh4 43. Nd5 Qd8 44. Qa7 Bd6 45. Kf2 Kg7 46. Qa4 Qb8 47. Qb3 h6 48. Ne3 Be7 49. Nc4 Qd8 50. Ke2 Qd4 51. Ne3 Bg5 52. Nd5 Qg1 0-1

[Event "GRE-chT 39th"]
[Site "Eretria"]
[Date "2011.07.04"]
[Round "2.9"]
[White "Khetsuriani, Besarion"]
[Black "Atalik, Suat"]
[Result "0-1"]
[WhiteElo "2325"]
[BlackElo "2619"]
[PlyCount "66"]
[EventDate "2011.07.03"]
[EventType "team-swiss"]
[EventRounds "7"]
[EventCountry "GRE"]
[SourceTitle "CBM 143 Extra"]
[Source "ChessBase"]
[SourceDate "2011.08.29"]
[SourceVersion "1"]
[SourceVersionDate "2011.08.29"]
[SourceQuality "1"]
[WhiteTeam "Koropiou"]
[BlackTeam "Thessaloniki Galaxias"]
[WhiteTeamCountry "GRE"]
[BlackTeamCountry "GRE"]

1. Nf3 d5 2. d4 Nf6 3. e3 c6 4. h3 Bf5 5. Bd3 e6 6. 0-0 Nbd7 7. c4 Bg6 8. Nc3 Bd6 9. Re1 Ne4 10. cxd5 exd5 11. Bxe4 dxe4 12. Nd2 Nf6 13. Nc4 Bc7 14. Qb3 Qe7 15. Qa3 Qe6 16. b3 Bf5 17. Kf1 a5 18. Ne5 Bxe5 19. dxe5 Qxe5 20. Ne2 Qh2 21. Qc5 Bxh3 22. gxh3 Qxh3+ 23. Kg1 0-0-0 24. Qg5 Rd5 25. Qg2 Qh4 26. Ng3 Rg5 27. Ba3 h5 28. Be7 Qg4 29. Kf1 h4 30. Qh1 Qf3 31. Bxf6 gxf6 32. Qxf3 exf3 33. Ne4 h3 0-1

[Event "GRE-chT 37th"]
[Site "Kallithea"]
[Date "2009.07.06"]
[Round "6"]
[White "Tolias, Athanasios"]
[Black "Khetsuriani, Besarion"]
[Result "0-1"]
[WhiteElo "1740"]
[BlackElo "2331"]
[PlyCount "80"]
[EventDate "2009.07.03"]
[EventType "team-tourn"]
[EventRounds "9"]
[EventCountry "GRE"]
[SourceTitle "CBM 131 Extra"]
[Source "ChessBase"]
[SourceDate "2009.09.03"]
[SourceVersion "2"]
[SourceVersionDate "2009.09.16"]
[SourceQuality "1"]

1. e4 e5 2. Nf3 Nc6 3. Bc4 d6 4. d3 Be7 5. 0-0 Nf6 6. Bg5 0-0 7. Nbd2 Na5 8. Re1 h6 9. Be3 Nxc4 10. Nxc4 Be6 11. Ncd2 Ng4 12. h3 Nxe3 13. fxe3 c6 14. Rf1 Qb6 15. Qe2 Qxb2 16. Nb3 Qc3 17. Rfc1 d5 18. exd5 cxd5 19. Rab1 Rac8 20. Kh1 Ba3 21. Re1 Qxc2 22. Nxe5 Bd6 23. Nf3 Bg3 24. Qxc2 Rxc2 25. Red1 Rxa2 26. Nc5 b6 27. Nb3 Bf2 28. e4 dxe4 29. dxe4 Rc8 30. Nbd4 Bxd4 31. Nxd4 Rc5 32. Nxe6 fxe6 33. Rd7 Rg5 34. Rg1 h5 35. Rd8+ Kh7 36. Rf8 b5 37. Rff1 b4 38. Rb1 a5 39. Rb3 Re2 40. Rgb1 Rxe4 0-1

[Event "GRE-chT 37th"]
[Site "Kallithea"]
[Date "2009.07.05"]
[Round "5"]
[White "Dalaklis, Georgios"]
[Black "Khetsuriani, Besarion"]
[Result "0-1"]
[WhiteElo "2179"]
[BlackElo "2331"]
[PlyCount "72"]
[EventDate "2009.07.03"]
[EventType "team-tourn"]
[EventRounds "9"]
[EventCountry "GRE"]
[SourceTitle "CBM 131 Extra"]
[Source "ChessBase"]
[SourceDate "2009.09.03"]
[SourceVersion "2"]
[SourceVersionDate "2009.09.16"]
[SourceQuality "1"]

1. c4 b6 2. Nc3 Bb7 3. e4 e6 4. Nge2 c5 5. g3 Nc6 6. Bg2 Be7 7. 0-0 Nf6 8. d3 0-0 9. f4 a6 10. h3 Rb8 11. g4 Ba8 12. a4 Nb4 13. b3 Ne8 14. d4 cxd4 15. Nxd4 Rc8 16. Bb2 Bc5 17. Rc1 Nc6 18. Nce2 f6 19. Kh1 Nd6 20. Nc2 Qe7 21. Qd2 Rcd8 22. Rcd1 f5 23. e5 Ne4 24. Bxe4 fxe4 25. Kh2 d6 26. exd6 Bxd6 27. Qe3 Bc5 28. Qc3 a5 29. Ncd4 Nxd4 30. Nxd4 Rd7 31. Ne2 e3 32. Bc1 Rxd1 33. Rxd1 Qb7 34. Rg1 Qf3 35. Qe1 Bd6 36. Qf1 Rxf4 0-1

[Event "Attica Cup Final"]
[Site "Athens"]
[Date "2009.05.09"]
[Round "1.4"]
[White "Mihailidis, Anastasios"]
[Black "Khetsuriani, Besarion"]
[Result "0-1"]
[WhiteElo "2253"]
[BlackElo "2332"]
[PlyCount "66"]
[EventDate "2009.05.09"]
[EventType "match"]
[EventRounds "2"]
[EventCountry "GRE"]
[SourceTitle "EXT 2011"]
[Source "ChessBase"]
[SourceDate "2010.11.26"]
[SourceVersion "1"]
[SourceVersionDate "2010.11.26"]
[SourceQuality "1"]

1. e4 e5 2. Nf3 Nc6 3. Nc3 Nf6 4. g3 g6 5. Bg2 Bg7 6. 0-0 0-0 7. d3 d6 8. h3 Ne7 9. d4 exd4 10. Nxd4 Nc6 11. Nxc6 bxc6 12. Be3 Bb7 13. Qe2 Re8 14. Rad1 Qc8 15. Rfe1 c5 16. Qc4 Rb8 17. f4 Nd7 18. a4 Nb6 19. Qa2 Bxc3 20. bxc3 Bxe4 21. a5 Bxg2 22. Kxg2 Nd7 23. f5 Qb7+ 24. Kf2 Nf6 25. fxg6 hxg6 26. Kg1 Qf3 27. Bf4 Rxe1+ 28. Rxe1 g5 29. Rf1 Qxc3 30. Bc1 Qxg3+ 31. Kh1 Qxh3+ 32. Kg1 Qg3+ 33. Kh1 Kg7 0-1

[Event "Ambelokipi op 83rd"]
[Site "Athens"]
[Date "2007.12.19"]
[Round "6"]
[White "Kotrotsos, Vasilios"]
[Black "Khetsuriani, Besarion"]
[Result "1/2-1/2"]
[WhiteElo "2295"]
[BlackElo "2382"]
[PlyCount "44"]
[EventDate "2007.12.01"]
[EventType "swiss"]
[EventRounds "7"]
[EventCountry "GRE"]
[SourceTitle "EXT 2024"]
[Source "ChessBase"]
[SourceDate "2023.10.10"]
[SourceVersion "1"]
[SourceVersionDate "2023.10.10"]
[SourceQuality "1"]

1. e4 e5 2. Nf3 Nf6 3. Nc3 Nc6 4. g3 Bc5 5. Bg2 d6 6. d3 a6 7. 0-0 0-0 8. h3 h6 9. Kh2 Be6 10. Be3 Re8 11. d4 exd4 12. Nxd4 Nxd4 13. Bxd4 Bxd4 14. Qxd4 Bd7 15. Rfe1 Bc6 16. Rad1 Nd7 17. f4 Qe7 18. Nd5 Bxd5 19. Qxd5 Rab8 20. e5 Nb6 21. Qd4 dxe5 22. Rxe5 Qf6 1/2-1/2

[Event "Ambelokipi op 83rd"]
[Site "Athens"]
[Date "2007.12.15"]
[Round "5"]
[White "Khetsuriani, Besarion"]
[Black "Adoptante, Roderick"]
[Result "1/2-1/2"]
[WhiteElo "2382"]
[BlackElo "2136"]
[PlyCount "131"]
[EventDate "2007.12.01"]
[EventType "swiss"]
[EventRounds "7"]
[EventCountry "GRE"]
[SourceTitle "EXT 2024"]
[Source "ChessBase"]
[SourceDate "2023.10.10"]
[SourceVersion "1"]
[SourceVersionDate "2023.10.10"]
[SourceQuality "1"]

1. c4 Nf6 2. Nf3 g6 3. g3 Bg7 4. Bg2 0-0 5. 0-0 d6 6. Nc3 c6 7. Rb1 Qa5 8. e4 Qh5 9. Nh4 e5 10. d3 Na6 11. b4 Nc7 12. Qd2 h6 13. h3 Bxh3 14. Bxh3 g5 15. Qd1 gxh4 16. Qxh5 Nxh5 17. gxh4 Ne6 18. Ne2 Nhf4 19. Bxf4 Nxf4 20. Nxf4 exf4 21. Kg2 b6 22. Kf3 Be5 23. Bd7 c5 24. Rg1+ Kh7 25. bxc5 dxc5 26. Bc6 Rad8 27. Bd5 Rd6 28. a4 Rg8 29. h5 Rf6 30. Rxg8 Kxg8 31. Rg1+ Kf8 32. Bb7 Bd4 33. Bc8 Be5 34. Bf5 Rd6 35. Ke2 Rf6 36. Rb1 a5 37. Rg1 Bd4 38. Kf3 Be5 39. Bh7 Rd6 40. Ke2 Rf6 41. Rg8+ Ke7 42. Bf5 Rd6 43. Bh3 Rd8 44. Rg1 f3+ 45. Ke3 Bh2 46. Rh1 Be5 47. Bg4 Rd6 48. Bxf3 Rf6 49. Rh4 Bc3 50. Rh1 Kd6 51. Ke2 Bd4 52. Rh2 Ke5 53. Bg4 Kf4 54. Bf5 Kg5 55. Kf3 Be5 56. Rh1 Rd6 57. Ke2 Bf4 58. Bc8 Kf6 59. Bb7 Ke5 60. Bd5 Rf6 61. Rg1 Bg5 62. Rg3 Rf4 63. Rf3 Rxf3 64. Kxf3 f5 65. exf5 Kxf5 66. Bc6 1/2-1/2

[Event "Nea Filadelfia CC Autumn"]
[Site "Nea Filadelfia"]
[Date "2007.11.24"]
[Round "11.4"]
[White "Khetsuriani, Besarion"]
[Black "Tassopoulos, Marios"]
[Result "1-0"]
[WhiteElo "2337"]
[BlackElo "2220"]
[PlyCount "133"]
[EventDate "2007.10.11"]
[EventType "tourn"]
[EventRounds "11"]
[EventCountry "GRE"]
[SourceTitle "EXT 2024"]
[Source "ChessBase"]
[SourceDate "2023.10.10"]
[SourceVersion "1"]
[SourceVersionDate "2023.10.10"]
[SourceQuality "1"]

1. c4 e6 2. Nf3 Nf6 3. g3 d5 4. Bg2 Be7 5. 0-0 0-0 6. d4 dxc4 7. Qc2 a6 8. Qxc4 b5 9. Qc2 Bb7 10. Bf4 Nc6 11. Rd1 Nb4 12. Qc1 Nbd5 13. Nc3 c5 14. dxc5 Qc8 15. Nxd5 Nxd5 16. Bd6 Bxd6 17. cxd6 Qxc1 18. Rdxc1 Rac8 19. Ne5 f6 20. Nd7 Rxc1+ 21. Rxc1 Rd8 22. Nc5 Bc8 23. e4 Nb6 24. Rd1 Kf7 25. Bh3 Bd7 26. b3 a5 27. Nb7 Ra8 28. Rc1 a4 29. Rc7 axb3 30. axb3 Rc8 31. f4 Rxc7 32. dxc7 Ke7 33. Bf1 Bc6 34. Nc5 Kd6 35. b4 e5 36. Bd3 g6 37. Kf2 Nc8 38. fxe5+ Kxe5 39. Ke3 Ne7 40. Nb3 f5 41. Nd4 Bb7 42. Nf3+ Kd6 43. Nd4 Ke5 44. c8Q Bxc8 45. Bxb5 Bb7 46. Nf3+ Kd6 47. Bd3 fxe4 48. Bxe4 Bxe4 49. Kxe4 Nd5 50. Ng5 Nxb4 51. Nxh7 Ke6 52. Nf8+ Kf7 53. Nd7 Ke6 54. Ne5 Kf6 55. h3 g5 56. Ng4+ Kg6 57. Ne3 Nc6 58. Kd5 Ne7+ 59. Kd6 Ng8 60. Nd5 Nh6 61. Ke5 Kg7 62. Ne7 Nf7+ 63. Kf5 Kh6 64. Kf6 g4 65. hxg4 Nd8 66. g5+ Kh5 67. g6 1-0

[Event "Ambelokipi op 82nd"]
[Site "Athens"]
[Date "2007.11.14"]
[Round "4"]
[White "Delithanasis, Dimitrios"]
[Black "Khetsuriani, Besarion"]
[Result "1/2-1/2"]
[WhiteElo "2204"]
[BlackElo "2369"]
[PlyCount "105"]
[EventDate "2007.11.03"]
[EventType "swiss"]
[EventRounds "7"]
[EventCountry "GRE"]
[SourceTitle "EXT 2024"]
[Source "ChessBase"]
[SourceDate "2023.10.10"]
[SourceVersion "1"]
[SourceVersionDate "2023.10.10"]
[SourceQuality "1"]

1. d4 Nf6 2. Nf3 e6 3. e3 b6 4. Bd3 Bb7 5. 0-0 c5 6. c4 Be7 7. Nc3 d5 8. cxd5 exd5 9. b3 0-0 10. Bb2 Nc6 11. Rc1 cxd4 12. exd4 Bd6 13. Qd2 Nb4 14. Bb1 Ne4 15. Nxe4 dxe4 16. Ne5 Bxe5 17. Qxb4 Bf4 18. Rcd1 Bd5 19. Qb5 Re8 20. Bc1 Bc7 21. Rfe1 a6 22. Qe2 Qh4 23. g3 Qh3 24. f4 Bd6 25. Be3 Qd7 26. Qb2 Rac8 27. Rc1 h6 28. Rxc8 Rxc8 29. Rc1 Rc6 30. Rxc6 Qxc6 31. Qc2 Qd7 32. Qe2 b5 33. Bc2 Qc6 34. Bd1 a5 35. Qc2 Qxc2 36. Bxc2 f5 37. Bd2 Bc7 38. Kf2 Kf7 39. h4 g6 40. Bd1 Bb6 41. Ke3 Ke6 42. g4 Bc6 43. g5 hxg5 44. hxg5 Kd5 45. Bc3 b4 46. Bb2 Bb5 47. Bc2 Ba7 48. Ba1 Bb6 49. Bb2 Bc7 50. Ba1 Bd3 51. Bd1 Ke6 52. Bb2 Bb6 53. a3 1/2-1/2